| 000 | 00631nam a2200205 a 4500 | ||
|---|---|---|---|
| 005 | 20210219153000.0 | ||
| 008 | 991125n 000 0 spa u | ||
| 035 | _aUPN01000070514 | ||
| 100 | _aFERNANDEZ, Guillermo | ||
| 222 |
_aEDUCACION : _bREVISTA DEL CONSEJO NACIONAL TECNICO DE LA EDUCACION |
||
| 245 | _aLa curiosidad natural del niño es el motor para introducirlo en las ciencias | ||
| 300 | _a232-239 | ||
| 362 | _a1982 4a época, vol. 8, no. 42, oct.-dic. | ||
| 653 | 0 | _aCIENCIAS NATURALES | |
| 653 | 0 | _aCREATIVIDAD | |
| 653 | 0 | _aDIDACTICA | |
| 653 | 0 | _aENSEÑANZA | |
| 904 |
_aAC _b008325 |
||
| 905 | _aArticulo | ||
| 999 |
_c65393 _d65393 |
||